000
00341cam a2200169ua 4500
001
2886
008
150512n ii |||gr||||Z||||||eng
040
_a
MAIN
041
_a
English
082
_b
BAS
100
_a
Basu S,N.
245
_a
Income Tax
250
_a
17th ed.
260
_a
Ludhiana:
_b
Kalyani.
300
_a
547.
942
_c
BK
999
_c
2882
_d
2882